000 00475cam a2200193 4500
001 D8951
008 090401t1974 xxu||||| |||| 00| 0 eng d
035 _a(Sirsi) u16364
041 _aeng
050 _a338.43
110 _aDavisBelfield and Everest
_93167
245 _aSpon`s mechanical and electrical services price book 1975
250 _a6th
260 _aLondon
_bSpon
_c1974
300 _axii. 344p. 22cm
350 _a5.75
942 _n0
948 _c04/03/1997
999 _c87420
_d87420